00531 2200205 4500001002100000005001500021008004100036020001800077035001900095041000700114082001000121090001600131100002500147700002200172245003600194260003500230300003400265500001100299650001500310INLIS00000000002173520241224131125241224||||||||| | ||| |||| || |  a979-489-848-1 0010-1224021735 aid0 a635.9 a635.9 ARI u0 aNurhayati H.S Arifin0 aEbdah Lasmadiwati00aUngkapkan dengan Parsel Tanaman aJakartabPenebar Swadayac2004 a23x15 cm, iv, 84 hlm.; ilus.: aCet. 1 0aAgribisnis